000 01207nam a22002657a 4500
999 _c92508
_d92508
005 20230720163342.0
010 _aENG-112507 ENG-137500
020 _a9789381904985
_c880.00
035 _aEN-96039 EN-121032
037 _bDBAD/PUB
082 _a327.54
100 _aBhatia, Rajiv
245 _aTransforming South Asia imperatives for action /
_cby Rajiv Bhatia, Swaran Singh [and] Reena Marwah
260 _aNew Delhi
_bKW Publishers :
_bIndian Council of World Affairs
_c2014
270 _a4676/21, First Floor, Ansari Road, Daryaganj
_bNew Delhi
_e110002
300 _axxx,227p. :
_c23cm(Hb)
_bill.,maps
520 _aPapers presented at the Third Asian Relations Conference, held at New Delhi in March 2012 organized by Indian Council of World Affairs, New Delhi in collaboration with Association of Asia Scholars.
610 _a South Asian Association for Regional Cooperation
_vCongresses.
650 _aSouth Asian cooperation
_vCongresses.
700 _aSwaran Singh
700 _aMarwah, Reena
710 _aIndian Council of World Affairs,
_eorganizer.
710 _a Association of Asia Scholars (New Delhi, India),
_eorganizer.
942 _2ddc
_cEN
_mBHA
_h327.54